000 00708nam a2200229 i 4500
003 DO-SdBNP
005 20230922090159.0
006 a||||gr|||| 00| 0
007 ta
008 230818e2022 dr ||||| |||| 00| 0 spa d
040 _aDO-SdBNP
_bspa
_cBNPHU
_erda
082 4 _222
_bH557s
245 1 0 _aTertulia :
_bsucesos del 18 de abril contra monseñor Panal en la vega /
_cAlfredo Hernández
264 1 _aSanto Domingo :
_bMuseo Memorial de la Resistencia Dominicana,
_c2022
300 _a67 páginas ;
_c23 cm
336 _2rdacontent
_atexto
_btxt
337 _2rdamedia
_asin mediación
_bn
338 _2rdacarrier
_avolumen
_bnc
590 _aInventariado 2023 / DG
910 _aDG
942 _2ddc
_cLBS1
999 _c54893
_d54893